000 01837nam a22002777a 4500
005 20151125094451.0
008 150921s1912 fr ||||fr|||| 00| 0bfre d
040 _cSandra Yazo
_dSandra Yazo
041 0 _afre
082 0 4 _220
_a922
092 _aE37N068
100 1 _aThureau-Dangin, Paul
_d1837-1913
_971642
242 0 0 _aNewman, católico, según documentos nuevos
_yspa
_cPaul Thureau-Dangin
_pspa
245 1 0 _aNewman Catholique d’après des documents nouveaux
_cPaul Thureau-Dangin
250 _aTroisième édition [Tercera edición]
260 _aParís (Francia)
_bPlon-Nourrit et Cie., Imprimeurs-Éditeurs [Plon-Nourrit y Compañía, impresores-editores]
_c1912
300 _avii, 244 páginas
_c19 x 12 cm.
500 _aDetalles físicos: Encuadernación en flexible en cartulina. Tapas y lomo con datos de publicación impresos. Hoja de cortesía. Anteportada con una anotación de donación. Portada impresa en una soal tinta con el emblema de la editorial Plon. Texto impreso en una sola columna. Márgenes amplios. Algunas notas de pie de página. Papel manchado. Tapas desprendidas y lomo roto
505 1 _aOrigen de las disensiones de Newman con la autoridad eclesiástica ; Los primeros desengaños (1851-1858) ; Newman y el Rambler (1858-1864) ; Años de tristeza y depresión (1859-1864) ; Se impide a Newman establecerse en Oxford (1864-1867) ; El recurso a Roma (1867) ; Newman en el retiro y la inacción (1867-1870) ; Newman y la infalibilidad del Papa (1868-1878) ; Cardenalato y últimos años (1878-1890)
506 _aConsulta en sala
546 _aTexto en francés
600 1 4 _aNewman, John-Henry
_d1801-1890
_xCrítica e interpretación
_971643
650 7 _949413
_aIglesia Católica
_xHistoria
_zInglaterra
690 _942750
_aBiografías
942 _2LOCAL
_cLIBRO
_e1
_hE37N068
999 _c301558
_d301558